| 000 | 00939 a2200265 4500 | ||
|---|---|---|---|
| 003 | Nust | ||
| 005 | 20170207153439.0 | ||
| 010 | _a 2003265248 | ||
| 020 | _a0071393072 | ||
| 040 | _cNust | ||
| 082 | 0 | 4 | _a 621.3815 |
| 100 | 1 | _aNahvi, Mahmood. | |
| 245 | 1 | 0 |
_aSchaum's outline of theory and problems of electric circuits / _cMahmood Nahvi, Joseph A. Edminister. |
| 246 | 3 | _aTheory and problems of electric circuits | |
| 250 | _a4th ed. | ||
| 260 |
_aNew York : _bMcGraw-Hill, _cc2003. |
||
| 300 |
_aix, 469 p. : _bill. ; _c28 cm. |
||
| 490 | 0 | _aSchaum's outline series | |
| 500 | _aEdminister's name appears first on the earlier ed. | ||
| 500 | _aIncludes index. | ||
| 650 | 0 | _aElectric circuits | |
| 700 | 1 | _aEdminister, Joseph. | |
| 856 | 4 | 2 |
_3Contributor biographical information _uhttp://www.loc.gov/catdir/bios/mh041/2003265248.html |
| 856 | 4 | 2 |
_3Publisher description _uhttp://www.loc.gov/catdir/description/mh031/2003265248.html |
| 942 |
_2ddc _cBK |
||
| 999 |
_c186439 _d186439 |
||